000 00650nam a2200229Ia 4500
001 1575
003 GE_BSU
008 181216s||||||||xx |||||||||||||| ||und||
040 _cGE_BSU
080 _a656.6(075.8)
100 _aАндронов,Л.П.
245 _aГрузоведение и стивидорные операции.
245 _bУчебник.
250 _aИзд 2-ое, перераб. и доп.
260 _aМ.
260 _bТранспорт.
260 _c1975.
300 _a375стр. 21см.
541 _h10л.
653 _aГрузоведение и стивидорные операции.
942 _cBK
999 _c35702
_d35702